000 00484nam a2200181Ia 4500
005 20250508150636.0
008 008 250505s9999 xx 000 0 eng d
037 _aReference
040 _aFEDL
_beng
_cFEDL
041 _aeng
_2eng
084 _a150, HEI
_qFEDL
100 _aHeidbreder Edna
245 0 _aSeven psychologies
260 _aNew York, USA
_bD Appleton-Century Company
_c1933
300 _a450p.
942 _cREF
_h150, HEI
999 _c1324758
_d1324758